| 000 | 00750nam a2200217 a 4500 | ||
|---|---|---|---|
| 005 | 20210223120904.0 | ||
| 008 | 991125n2003 mx 000 0 spa u | ||
| 020 | _a9706908072 | ||
| 035 | _aUPN01000008731 | ||
| 049 | _aI | ||
| 050 | 4 |
_aQA14.3 _bR6.5 |
|
| 100 | 1 |
_aRobleda Moguel, Margarita, _d1950- _936729 |
|
| 245 | 1 | 0 |
_aNúmeros tragaldabas / _cMargarita Robleda ; con il. de Natalia Gurovich. |
| 260 |
_aMéxico : _bDestino, _cc2003. |
||
| 300 |
_a23 p. : _bprincipalmente il. col. |
||
| 440 | 0 | _aCaracol al sol | |
| 500 | _a"A través de textos ingeniosos y bellas ilustraciones, los pequeños descubren y aprenden del 1 al 20" | ||
| 650 | 4 |
_aNUMERACION - _vLITERATURA JUVENIL _94335 |
|
| 700 | 1 |
_aGurovich, Natalia, _eil. |
|
| 905 | _aInfantil | ||
| 999 |
_c8731 _d8731 |
||